|
|
|
|
| LEADER |
02494nam a2200613 a 4500 |
| 001 |
nkc20132443208 |
| 003 |
CZ PrNK |
| 005 |
20130506143417.0 |
| 007 |
ta |
| 008 |
130221s2012 xr ac g c 000 0dcze |
| 015 |
|
|
|a cnb002443208
|
| 020 |
|
|
|a 978-80-7035-516-9
|q (kroužková vazba)
|
| 035 |
|
|
|a (OCoLC)842344214
|
| 040 |
|
|
|a OLA001
|b cze
|
| 043 |
|
|
|a e-ne---
|a e-xr---
|b e-xr-pg
|2 czenas
|
| 045 |
|
|
|a u-u-
|
| 072 |
|
7 |
|a 75
|x Malířství
|2 Konspekt
|9 21
|
| 080 |
|
|
|a 75(492)
|2 MRF
|
| 080 |
|
|
|a 75.034.7
|2 MRF
|
| 080 |
|
|
|a 72/76:069.5
|2 MRF
|
| 080 |
|
|
|a (492)
|2 MRF
|
| 080 |
|
|
|a (437.311)
|2 MRF
|
| 080 |
|
|
|a (083.82)
|2 MRF
|
| 080 |
|
|
|a (036)
|2 MRF
|
| 080 |
|
|
|a (076.1)
|2 MRF
|
| 100 |
1 |
|
|a Handlová, Jitka
|7 mzk2009521952
|4 aut
|
| 245 |
1 |
0 |
|a Holandské malířství 17. století v Národní galerii v Praze :
|b otázky a hádanky pro starší žáky : [Národní galerie v Praze, Sbírka starého umění : Šternberský palác /
|c autoři textů Jitka Handlová, Eva Zíková]
|
| 260 |
|
|
|a V Praze :
|b Národní galerie,
|c 2012
|
| 300 |
|
|
|a 24 s., [3] l. :
|b barev. il., portréty ;
|c 24 cm +
|e 1 l. (šablona) + 1 pravítko + 1 tužka
|
| 500 |
|
|
|a Na 3. s. obálky jsou drukem připevněny 2 otočné kotouče
|
| 648 |
|
7 |
|a 17. století
|7 ch460555
|2 czenas
|
| 650 |
0 |
7 |
|a nizozemské malířství
|7 ph115452
|y 17. stol.
|2 czenas
|
| 650 |
0 |
7 |
|a barokní malířství
|7 ph118762
|z Nizozemsko
|2 czenas
|
| 650 |
0 |
7 |
|a umělecké sbírky
|7 ph135222
|z Česko
|2 czenas
|
| 650 |
0 |
9 |
|a Dutch painting
|y 17th century
|2 eczenas
|
| 650 |
0 |
9 |
|a baroque painting
|z Netherlands
|2 eczenas
|
| 650 |
0 |
9 |
|a art collections
|z Czechia
|2 eczenas
|
| 655 |
|
7 |
|a katalogy
|7 fd132535
|2 czenas
|
| 655 |
|
7 |
|a průvodce
|7 fd133154
|2 czenas
|
| 655 |
|
7 |
|a pracovní sešity
|7 fd133116
|2 czenas
|
| 655 |
|
9 |
|a catalogs
|2 eczenas
|
| 655 |
|
9 |
|a guidebooks
|2 eczenas
|
| 655 |
|
9 |
|a activity books
|2 eczenas
|
| 610 |
2 |
7 |
|a Národní galerie (Praha, Česko).
|b Sbírka starého umění
|7 kn20010709466
|2 czenas
|
| 651 |
|
7 |
|a Praha (Česko)
|7 ge118011
|2 czenas
|
| 651 |
|
9 |
|a Prague (Czechia)
|2 eczenas
|
| 700 |
1 |
|
|a Zíková, Eva
|7 jx20070530023
|4 aut
|
| 710 |
2 |
|
|a Národní galerie (Praha, Česko).
|b Sbírka starého umění
|7 kn20010709466
|
| 710 |
2 |
|
|a Šternberský palác (Hradčany, Praha, Česko)
|7 kn20090807001
|
| 910 |
2 |
|
|a BOA001
|b 2-1301.675
|
| 990 |
|
|
|a BK
|
| 995 |
|
|
|a 01
|
| 991 |
|
|
|b 201304
|c NOV
|e n
|
| 996 |
6 |
|
|b 2610543899
|c 2-1301.675
|l MZK
|r Sklad / do 1 hodiny
|n 6
|p p.v.
|w 001320811
|u 000010
|a 1
|e BOA001
|j MZK50
|s P
|